ბათუმის შოთა რუსთაველის სახელმწიფო უნივერსიტეტის ბიბლიოთეკა

აშხარული დიალექტი და მისი ადგილი სხვა აფხაზურ-აბაზურ დიალექტთა შორის : (ბიბ.ჩანაწერი № 52436)

000 -ლიდერი
ფიქსირებული სიგრძის საკონტროლო ველი 01569nam a2200253Ia 4500
001 - საკონტროლო ნომერი
საკონტროლო ველი 19458
003 - საკონტროლო ნომრის იდენტიფიკატორი
საკონტროლო ველი GE_BSU
005 - ბოლო ოპერაციის თარიღი და დრო
საკონტროლო ველი 20251029154045.0
008 - ფიქსირებული სიგრძის მონაცემთა ელემენტები - ზოგადი ინფორმაცია
ფიქსირებული სიგრძის საკონტროლო ველი 181216s1954||||ge |||||||||||||| ||geo||
040 ## - კატალოგიზაციის წყარო
Transcribing agency GE_BSU
041 ## - ენის კოდი
Language code of text/sound track or separate title geo
080 ## - უნივერსალური ათობითი კლასიფიკაციის ინდექსი
Universal Decimal Classification number 811.352.2'282 ლ-81
100 ## - მთავარი ჩანაწერი - პიროვნების სახელი
Personal name ლომთათიძე, ქეთევან
9 (RLIN) 26128
245 ## - ცნობა სათაურის შესახებ
Title აშხარული დიალექტი და მისი ადგილი სხვა აფხაზურ-აბაზურ დიალექტთა შორის :
Remainder of title ტექსტებითურთ /
Statement of responsibility, etc ქეთევან ლომთათიძე; საქ. სსრ მეცნ. აკად., ენათმეცნიერების ინ-ტი.
264 ## - წარმოების, გამოცემის, დისტრიბუციის და სხვა ცნობები
გამოცემის, წარმოების, დისტრიბუციის... ადგილი თბ. :
გამოცემის, წარმოების, დისტრიბუციის... სახელწოდება საქ. სსრ მეცნ. აკად. გამ-ბა და სტ.,
გამოცემის, წარმოების, დისტრიბუციის... თარიღი 1954.
300 ## - ფიზიკური აღწერა
Extent 350 გვ.;
Other physical details 25 სმ.
300 ## - ფიზიკური აღწერა
Other physical details გაშლილი თავფურც. რუს. ენაზე. - ბიბლიოგრ. შენიშვნებში. - გაშლილი თავფურცელი.
504 ## - BIBLIOGRAPHY, ETC. NOTE
Bibliography, etc ბიბლიოგრ. შენიშვნებში.
653 ## - INDEX TERM--UNCONTROLLED
Uncontrolled term აფხაზური ენის დიალექტები
700 ## - ADDED ENTRY--PERSONAL NAME
Personal name ჩიქობავა, არნოლდ
Relator term რედაქტორი
9 (RLIN) 1234
856 ## - ELECTRONIC LOCATION AND ACCESS
Uniform Resource Identifier https://dspace.nplg.gov.ge/bitstream/1234/434741/1/AshxaruliDialeqtiDaMisiAdgiliSxvaAfxazurAbazurDialeqttaShoris.pdf
Link text ელ. ვერსია
942 ## - ADDED ENTRY ELEMENTS (KOHA)
Koha item type წიგნი
Source of classification or shelving scheme
ეგზემპლარები
ჩამოწერის სტატუსი დაკარგული ეგზემპლარის სტატუსი კლასიფიკაციის წყარო ან თაროზე გაწყობის სქემა დაზიანების სტატუსი არ გაიცემა მუდმივი მდებარეობა (დაცვის ადგილი) ამჟამინდელი ადგილსამყოფელი თაროზე განთავსების ადგილი შეძენის თარიღი ღირებულება, შესყიდვის ნორმალური ფასი სრული შენახვის შიფრი შტრიხკოდი ბოლო ოპერაციის თარიღი ეგზემპლარის მიმდევრობითი ნომერი (კეტერი?) ფასის ძალაში შესვლის თარიღი ეგზემპლარის სახეობა საჯარო შენიშვნა
          ბათუმის შოთა რუსთაველის სახელმწიფო უნივერსიტეტის მთავარი ბიბლიოთეკა ბათუმის შოთა რუსთაველის სახელმწიფო უნივერსიტეტის მთავარი ბიბლიოთეკა წიგნსაცავი 2018-12-17 3.00 811.352.2'282 ლ-81 48464 2018-12-17 48464 2018-12-17 წიგნი 3 ლ.
          ბათუმის შოთა რუსთაველის სახელმწიფო უნივერსიტეტის მთავარი ბიბლიოთეკა ბათუმის შოთა რუსთაველის სახელმწიფო უნივერსიტეტის მთავარი ბიბლიოთეკა წიგნსაცავი 2018-12-17 3.00 811.352.2'282 ლ-81 48465 2018-12-17 48465 2018-12-17 წიგნი 3 ლ.
          ბათუმის შოთა რუსთაველის სახელმწიფო უნივერსიტეტის მთავარი ბიბლიოთეკა ბათუმის შოთა რუსთაველის სახელმწიფო უნივერსიტეტის მთავარი ბიბლიოთეკა წიგნსაცავი 2018-12-17 3.00 811.352.2'282 ლ-81 48466 2018-12-17 48466 2018-12-17 წიგნი 3 ლ.